Cost and management accounting / (Record no. 2521)
[ view plain ]
| 000 -LEADER | |
|---|---|
| fixed length control field | 00551nam a2200193 4500 |
| 001 - CONTROL NUMBER | |
| control field | 3128 |
| 005 - DATE AND TIME OF LATEST TRANSACTION | |
| control field | 20220419103346.0 |
| 008 - FIXED-LENGTH DATA ELEMENTS--GENERAL INFORMATION | |
| fixed length control field | 220419b |||||||| |||| 00| 0 eng d |
| 020 00 - INTERNATIONAL STANDARD BOOK NUMBER | |
| International Standard Book Number | 9788127266158 |
| 090 00 - LOCALLY ASSIGNED LC-TYPE CALL NUMBER (OCLC); LOCAL CALL NUMBER (RLIN) | |
| Classification number (OCLC) (R) ; Classification number, CALL (RLIN) (NR) | 657.42 J254c 2011 |
| 100 00 - MAIN ENTRY--PERSONAL NAME | |
| Personal name | Jain, S. P. |
| 245 00 - TITLE STATEMENT | |
| Title | Cost and management accounting / |
| Statement of responsibility, etc. | S. P. Jain, K. L. Narang. |
| 246 ## - VARYING FORM OF TITLE | |
| Title proper/short title | Cost & management accounting. |
| 260 00 - PUBLICATION, DISTRIBUTION, ETC. | |
| Place of publication, distribution, etc. | Ludhiana : |
| Name of publisher, distributor, etc. | Kalyani Publishers, |
| Date of publication, distribution, etc. | 2010. |
| 300 00 - PHYSICAL DESCRIPTION | |
| Extent | v. : 24 cm. |
| 650 00 - SUBJECT ADDED ENTRY--TOPICAL TERM | |
| Topical term or geographic name entry element | Cost accounting. |
| Topical term or geographic name entry element | Managerial accounting. |
| 942 ## - ADDED ENTRY ELEMENTS (KOHA) | |
| Source of classification or shelving scheme | Dewey Decimal Classification |
| Koha item type | Main |
| Withdrawn status | Lost status | Source of classification or shelving scheme | Damaged status | Not for loan | Collection code | Home library | Current library | Shelving location | Date acquired | Serial Enumeration / chronology | Inventory number | Total Checkouts | Total Renewals | Full call number | Barcode | Date last seen | Date last checked out | Copy number | Price effective from | Koha item type |
|---|---|---|---|---|---|---|---|---|---|---|---|---|---|---|---|---|---|---|---|---|
| Dewey Decimal Classification | Main TEST | RTC Library | RTC Library | Main opac | 24/02/2021 | 5485 | 11 | 7 | 657.42 JAI | 30001997 | 23/04/2026 | 10/04/2026 | 1 | 27/11/2018 | Main | |||||
| Dewey Decimal Classification | Fac res | RTC Library | RTC Library | Faculty reserve | 23/03/2021 | 5486 | 2 | 657.42 JAI | 30006014 | 28/06/2024 | 06/04/2024 | 2 | 27/11/2018 | Faculty Reserve |